000 00211 a2200097 4500
001 40902
100 _aAsghar Khan
245 _aLighter side of power game
260 _aLaho
_bJang Pu
_c
090 _c25155
_d25155
942 _aNUST-CAE
_cM
_c16842
999 _c275975
_d275975